[Event "SVK-chT2D 1920"]
[Site "Slovakia"]
[Date "2020.01.26"]
[Round "7.7"]
[White "Petko, Peter"]
[Black "Grich, Frantisek"]
[Result "1/2-1/2"]
[WhiteElo "1811"]
[BlackElo "1822"]
[PlyCount "52"]
[EventDate "2019.10.26"]
[EventType "team-tourn"]
[EventRounds "11"]
[EventCountry "SVK"]
[SourceTitle "CBM 194 Extra"]
[Source "ChessBase"]
[SourceDate "2020.03.31"]
[SourceVersion "1"]
[SourceVersionDate "2020.03.31"]
[SourceQuality "1"]
[WhiteTeam "Gelnica Slovan"]
[BlackTeam "Kezmarok"]
[WhiteTeamCountry "SVK"]
[BlackTeamCountry "SVK"]

1. d4 d5 2. c4 e6 3. Nc3 Nf6 4. Nf3 c5 5. Bg5 cxd4 6. Nxd4 Be7 7. e3 0-0 8. Qc2 dxc4 9. Bxc4 a6 10. Rd1 Qa5 11. Bh4 b5 12. Nb3 Qc7 13. Bd3 h6 14. Bg3 e5 15. 0-0 Bb7 16. Nd4 Nh5 17. Nf5 Nxg3 18. hxg3 Bb4 19. Nd5 Qxc2 20. Bxc2 Bxd5 21. Rxd5 Nc6 22. a3 Ba5 23. b4 Bd8 24. Rc5 Ne7 25. Rxe5 Nxf5 26. Rxf5 Bf6 1/2-1/2

[Event "SVK-chT1E 1819"]
[Site "Slovakia"]
[Date "2019.03.16"]
[Round "10.7"]
[White "Konak, Jan"]
[Black "Grich, Frantisek"]
[Result "1-0"]
[WhiteElo "2128"]
[BlackElo "1846"]
[PlyCount "59"]
[EventDate "2018.10.27"]
[EventType "team-tourn"]
[EventRounds "11"]
[EventCountry "SVK"]
[SourceTitle "CBM 189 Extra"]
[Source "ChessBase"]
[SourceDate "2019.06.03"]
[SourceVersion "1"]
[SourceVersionDate "2019.06.03"]
[SourceQuality "1"]
[WhiteTeam "Kosice Slavia UPJS"]
[BlackTeam "Kezmarok"]
[WhiteTeamCountry "SVK"]
[BlackTeamCountry "SVK"]

1. d4 d5 2. c4 e6 3. Nc3 Nf6 4. cxd5 exd5 5. Bg5 Be7 6. e3 0-0 7. Bd3 b6 8. Nge2 Bb7 9. 0-0 Nbd7 10. f3 h6 11. Bh4 Nh5 12. Bf2 f5 13. Rc1 Rc8 14. Bb1 c5 15. dxc5 Nxc5 16. Nd4 Qd7 17. g4 fxg4 18. fxg4 Ba6 19. Nf5 Nf6 20. Nxd5 Bd8 21. Rxc5 Qe6 22. Rxc8 Bxc8 23. Nf4 Qd7 24. Qb3+ Qf7 25. Qxf7+ Rxf7 26. Nd6 Rc7 27. Nxc8 Rxc8 28. Bf5 Rb8 29. Rd1 Bc7 30. Nd5 1-0

[Event "SVK-chT1E 1819"]
[Site "Slovakia"]
[Date "2018.10.27"]
[Round "1.5"]
[White "Brhel, Jan"]
[Black "Grich, Frantisek"]
[Result "1/2-1/2"]
[WhiteElo "2089"]
[BlackElo "1876"]
[PlyCount "66"]
[EventDate "2018.10.27"]
[EventType "team-tourn"]
[EventRounds "11"]
[EventCountry "SVK"]
[SourceTitle "CBM 187 Extra"]
[Source "ChessBase"]
[SourceDate "2018.11.04"]
[SourceVersion "1"]
[SourceVersionDate "2018.11.04"]
[SourceQuality "1"]
[WhiteTeam "Kysucke Nove Mesto"]
[BlackTeam "Kezmarok"]
[WhiteTeamCountry "SVK"]
[BlackTeamCountry "SVK"]

1. d4 d5 2. c4 e6 3. Nc3 Nf6 4. cxd5 exd5 5. Bg5 Be7 6. Qc2 Nc6 7. e3 0-0 8. a3 a6 9. Bd3 h6 10. Bh4 Be6 11. Nge2 Nh5 12. Bxe7 Nxe7 13. Rc1 c6 14. 0-0 f5 15. f3 Rc8 16. Na4 Rc7 17. Nc5 Bc8 18. e4 f4 19. Qd2 g5 20. Bb1 b6 21. Nd3 dxe4 22. fxe4 Bg4 23. d5 cxd5 24. Rxc7 Qxc7 25. exd5 f3 26. Nd4 fxg2 27. Rxf8+ Kxf8 28. Qxg2 Bd7 29. Qf3+ Nf4 30. Ba2 Kg7 31. Nxf4 Qxf4 32. Qxf4 gxf4 33. Ne2 Kf6 1/2-1/2

[Event "SVK-chT1E 1516"]
[Site "Slovakia"]
[Date "2015.10.25"]
[Round "2.7"]
[White "Grich, Frantisek"]
[Black "Csolto, Tibor"]
[Result "0-1"]
[WhiteElo "1871"]
[BlackElo "2111"]
[PlyCount "62"]
[EventDate "2015.10.24"]
[EventType "team-tourn"]
[EventRounds "11"]
[EventCountry "SVK"]
[SourceTitle "CBM 169 Extra"]
[Source "ChessBase"]
[SourceDate "2015.12.18"]
[SourceVersion "1"]
[SourceVersionDate "2015.12.18"]
[SourceQuality "1"]
[WhiteTeam "Kezmarok"]
[BlackTeam "Jelsava Magnezit"]
[WhiteTeamCountry "SVK"]
[BlackTeamCountry "SVK"]

1. e4 c5 2. Nf3 Nc6 3. d4 cxd4 4. Nxd4 Nf6 5. Nc3 d6 6. Be2 e5 7. Nf3 h6 8. h3 Be7 9. 0-0 0-0 10. Nh2 Be6 11. f4 exf4 12. Rxf4 Ne5 13. Be3 a6 14. Nd5 Ng6 15. Nxf6+ Bxf6 16. Rf1 Bxb2 17. Rb1 Be5 18. Rxb7 Qc8 19. Rb6 Bxh3 20. Bg4 Bxh2+ 21. Kxh2 Bxg4 22. Qxd6 Qc4 23. Qd3 Ne5 24. Qxc4 Nxc4 25. Rb3 Nxe3 26. Rxe3 Rfc8 27. c3 Be6 28. Rf2 Rab8 29. Rd2 Rb5 30. Rc2 Ra5 31. Ree2 Ra3 0-1

[Event "SVK-chT2D 1213"]
[Site "Slovakia"]
[Date "2013.02.17"]
[Round "9.5"]
[White "Grich, Frantisek"]
[Black "Milder, Ladislav"]
[Result "0-1"]
[WhiteElo "1950"]
[BlackElo "2050"]
[PlyCount "58"]
[EventDate "2012.10.13"]
[EventType "team-tourn"]
[EventRounds "11"]
[EventCountry "SVK"]
[SourceTitle "EXT 2015"]
[Source "ChessBase"]
[SourceDate "2014.11.20"]
[SourceVersion "1"]
[SourceVersionDate "2014.11.20"]
[SourceQuality "1"]
[WhiteTeam "Kezmarok II"]
[BlackTeam "Kosice Slavia UPJS III"]
[WhiteTeamCountry "SVK"]
[BlackTeamCountry "SVK"]

1. e4 c5 2. Nf3 Nc6 3. d4 cxd4 4. Nxd4 g6 5. Nc3 Bg7 6. Be3 Nf6 7. Bc4 Qa5 8. 0-0 Qb4 9. Bb3 d6 10. a3 Qa5 11. f3 0-0 12. Qd2 Bd7 13. Rad1 Rfc8 14. Nxc6 Bxc6 15. Ne2 Qc7 16. c3 Rd8 17. Nd4 d5 18. Nxc6 bxc6 19. exd5 cxd5 20. Ba2 e6 21. Qe2 Nh5 22. g4 Nf4 23. Bxf4 Qxf4 24. Qd2 Qc7 25. f4 Rab8 26. Kh1 d4 27. cxd4 Rxd4 28. Qe2 Rxd1 29. Qxd1 Rxb2 0-1

[Event "SVK-chT2D 10/11"]
[Site "Slovakia"]
[Date "2011.03.05"]
[Round "8.1"]
[White "Grich, Frantisek"]
[Black "Gerasimov, Krasimir"]
[Result "1-0"]
[WhiteElo "1950"]
[BlackElo "1768"]
[PlyCount "83"]
[EventDate "2010.10.23"]
[EventType "team-tourn"]
[EventRounds "11"]
[EventCountry "SVK"]
[SourceTitle "EXT 2019"]
[Source "ChessBase"]
[SourceDate "2018.10.10"]
[SourceVersion "1"]
[SourceVersionDate "2018.10.10"]
[SourceQuality "1"]
[WhiteTeam "Kezmarok KdV II"]
[BlackTeam "Michalovce Zemplin II"]
[WhiteTeamCountry "SVK"]
[BlackTeamCountry "SVK"]

1. e4 d5 2. exd5 Qxd5 3. c4 Qd8 4. Nf3 Nf6 5. d4 g6 6. Nc3 Bg7 7. Be2 0-0 8. 0-0 e6 9. Bf4 c6 10. Qd2 Re8 11. Rad1 Qb6 12. Bd6 Nbd7 13. b4 Qd8 14. Ne5 h6 15. b5 cxb5 16. Nxb5 Ne4 17. Qb4 Nxd6 18. Qxd6 Bf8 19. Qc7 Be7 20. Nxd7 a6 21. Qxd8 Bxd8 22. Nd6 Bxd7 23. Nxe8 Bxe8 24. d5 Ba4 25. Rb1 exd5 26. cxd5 b6 27. d6 Bd7 28. Bf3 Rb8 29. Rbc1 Bf6 30. Rc7 Rd8 31. Bc6 Bxc6 32. Rxc6 Bd4 33. Rd1 Bc5 34. d7 Kf8 35. Rc8 Ke7 36. Rxd8 Kxd8 37. Kf1 a5 38. Ke2 a4 39. f4 Be7 40. Kf3 Kc7 41. Ke4 Bd6 42. d8Q+ 1-0

[Event "SVK-chT1E 0506"]
[Site "Slovakia"]
[Date "2005.12.04"]
[Round "6"]
[White "Grich, Frantisek"]
[Black "Presalovic, Marcel"]
[Result "0-1"]
[WhiteElo "1996"]
[BlackElo "2123"]
[PlyCount "50"]
[EventDate "2005.10.15"]
[EventType "team"]
[EventRounds "11"]
[EventCountry "SVK"]
[SourceTitle "EXT 2009"]
[Source "ChessBase"]
[SourceDate "2008.11.26"]
[SourceVersion "1"]
[SourceVersionDate "2008.11.26"]
[SourceQuality "1"]

1. e4 e5 2. Nf3 Nc6 3. Bc4 Nf6 4. d4 exd4 5. 0-0 Bc5 6. e5 d5 7. exf6 dxc4 8. Re1+ Be6 9. Ng5 Qd5 10. Nc3 Qf5 11. Nce4 0-0-0 12. Nxc5 Qxc5 13. Nxe6 fxe6 14. fxg7 Rhg8 15. Rxe6 Rxg7 16. Bh6 Rxg2+ 17. Kxg2 Qd5+ 18. Kf1 Qxe6 19. Bf4 Qh3+ 20. Kg1 d3 21. c3 h5 22. Qf1 Qg4+ 23. Bg3 Ne5 24. h4 Nf3+ 25. Kh1 d2 0-1

[Event "Tatry op"]
[Site "Tatranske Zruby"]
[Date "2001.10.01"]
[Round "4"]
[White "Grich, Frantisek"]
[Black "Furman, Boris"]
[Result "1/2-1/2"]
[WhiteElo "2114"]
[BlackElo "2279"]
[PlyCount "85"]
[EventDate "2001.09.29"]
[EventType "swiss"]
[EventRounds "9"]
[EventCountry "SVK"]
[SourceTitle "CBM 084 Extra"]
[Source "ChessBase"]
[SourceDate "2001.10.26"]
[SourceVersion "1"]
[SourceVersionDate "2001.10.26"]
[SourceQuality "1"]

1. e4 c5 2. Nf3 Nc6 3. d4 cxd4 4. Nxd4 Nf6 5. Nc3 d6 6. Be2 e5 7. Nf3 h6 8. 0-0 Be7 9. h3 0-0 10. Bc4 Be6 11. Bd5 Qd7 12. a3 Bd8 13. Qd3 Nh5 14. Rd1 Be7 15. Bxc6 Qxc6 16. Nd5 Bxd5 17. exd5 Qd7 18. Qe2 Qf5 19. Nh2 Rac8 20. c4 Nf4 21. Bxf4 Qxf4 22. b3 f5 23. Nf3 e4 24. Nd4 Qe5 25. Ne6 Rf7 26. f3 Qc3 27. Rab1 exf3 28. Qxf3 Qxf3 29. gxf3 f4 30. Re1 a6 31. Re4 g5 32. Rbe1 Bf6 33. R1e2 b6 34. b4 a5 35. Rc2 axb4 36. axb4 Ra7 37. Re1 Ra3 38. Kg2 Rc3 39. Rxc3 Bxc3 40. Re4 Bxb4 41. h4 gxh4 42. Rxf4 Be1 43. Re4 1/2-1/2

[Event "Tatry op"]
[Site "Tatranske Zruby"]
[Date "2001.09.30"]
[Round "2"]
[White "Grich, Frantisek"]
[Black "Michenka, Jozef"]
[Result "0-1"]
[WhiteElo "2114"]
[BlackElo "2319"]
[PlyCount "82"]
[EventDate "2001.09.29"]
[EventType "swiss"]
[EventRounds "9"]
[EventCountry "SVK"]
[SourceTitle "CBM 084 Extra"]
[Source "ChessBase"]
[SourceDate "2001.10.26"]
[SourceVersion "1"]
[SourceVersionDate "2001.10.26"]
[SourceQuality "1"]

1. e4 c5 2. Nf3 Nc6 3. d4 cxd4 4. Nxd4 Nf6 5. Nc3 d6 6. Be2 g6 7. Be3 Bg7 8. f3 0-0 9. Qd2 d5 10. 0-0-0 Nxd4 11. Bxd4 dxe4 12. fxe4 Be6 13. Bxf6 Qxd2+ 14. Kxd2 Bxf6 15. a3 Rfd8+ 16. Bd3 Rac8 17. h3 Bxc3+ 18. bxc3 Rc5 19. Rb1 b6 20. Rb4 Kg7 21. Rd4 Rdc8 22. c4 Bxc4 23. Rxc4 Rxc4 24. Bxc4 Rxc4 25. Re1 Kf6 26. Rf1+ Ke6 27. Kd3 Ra4 28. Ra1 b5 29. c3 Ke5 30. Rf1 f6 31. Rb1 a6 32. Rb4 Rxb4 33. axb4 Kf4 34. Kd4 e5+ 35. Kd5 Ke3 36. g4 Kf4 37. h4 Kxg4 38. c4 bxc4 39. Kxc4 f5 40. exf5 gxf5 41. Kc5 e4 0-1